Vplyv aglomeračných úspor na rast zamestnanosti v kreatívnych odvetviach na Slovensku

Vymedzenie kreatívnych odvetvií. Koncept aglomeračných úspor. Popis, metodika, dáta a zostavenie ekonometrického modelu.

Guardado en:
Detalles Bibliográficos
Autor principal: Klasová, Slávka
Otros Autores: Korobaničová, Iveta, Burger, Peter
Formato: Capítulo de libro
Lenguaje:eslovaco
Materias:
Etiquetas: Agregar Etiqueta
Sin Etiquetas, Sea el primero en etiquetar este registro!

MARC

LEADER 00000nla a2200000 4500
001 0230159
005 20240417075115.9
041 0 |a slo 
044 |a CZ 
245 1 0 |a Vplyv aglomeračných úspor na rast zamestnanosti v kreatívnych odvetviach na Slovensku  |c Slávka Klasová, Iveta Korobaničová, Peter Burger 
520 |a Vymedzenie kreatívnych odvetvií. Koncept aglomeračných úspor. Popis, metodika, dáta a zostavenie ekonometrického modelu. 
610 2 0 |a priemysel kreatívny 
610 2 0 |a úspory finančné 
610 2 0 |a náklady 
610 2 0 |a koncentrácia 
610 2 0 |a spillover 
610 2 0 |a zamestnanosť 
610 2 0 |a trh práce 
610 2 0 |a modely ekonometrické 
100 1 |a Klasová, Slávka 
700 1 |a Korobaničová, Iveta 
700 1 |a Burger, Peter